[Event "POL-ch 54th"]
[Site "Sopot"]
[Date "1997.??.??"]
[Round "15"]
[White "Krasenkow, Michal"]
[Black "Jaracz, Pawel"]
[Result "1-0"]
[WhiteElo "2615"]
[BlackElo "2445"]
[Annotator "Avrukh,B"]
[PlyCount "91"]
[EventDate "1997.03.18"]
[EventType "tourn"]
[EventRounds "15"]
[EventCountry "POL"]
[EventCategory "9"]
[SourceTitle "CBM 059"]
[Source "ChessBase"]
[SourceDate "1997.08.01"]
[SourceVersion "1"]
[SourceVersionDate "1997.08.01"]
[SourceQuality "1"]

1. c4 {Krasenkow Hecht} Nf6 2. d4 e6 3. Nf3 b6 4. g3 Bb4+ 5. Bd2 Be7 6. Bg2 d5
7. Nc3 c6 8. Ne5 Nfd7 {The typical move in this opening.Black wants to change
the only active white's piece, then to force white to take on d5, afterwards
to take on d5 with c pawn ,in this case white will get nothing . So white has
to react immediately.} (8... O-O 9. cxd5 (9. O-O Nfd7 (9... Ba6 $5 10. cxd5
cxd5 11. Re1 b5 12. a3 Qb6 13. e3 Bd6 14. f4 Nbd7 15. Rc1 {1/2-1/2 Del Rey
Diego-Campos Moreno Javier B/It (open), Santiago (Spain) 1995}) 10. Nxd7 Qxd7
11. cxd5 cxd5 12. e4 dxe4 13. Bxe4 Bb7 14. Bxb7 Qxb7 15. Qg4 Bf6 16. Bg5 Nd7
$15 {[%csl Gd4] 0-1 Kanstler,B-Tiviakov,S/URS-ch58 Moscow 1991 (33)}) 9... cxd5
10. O-O Bb7 11. Rc1 Nbd7 12. Bf4 Rc8 13. Qb3 Nxe5 14. Bxe5 Qd7 $11 {1/2-1/2
Rajkovic,D-Kurajica,B/Ptuj 1991 (36)}) 9. Bf4 {[%cal Ge2e4]} (9. Nxd7 {
Krasenkow} Nxd7 10. e4 $5) 9... Nxe5 (9... O-O 10. cxd5 (10. O-O $6 Nxe5 11.
Bxe5 dxc4 $15) 10... cxd5 (10... Nxe5 11. dxc6 $1 (11. d6 $14) 11... Nexc6 12.
Bxb8 Rxb8 13. Bxc6 $16) (10... exd5 11. e4 (11. Nf3 $5) 11... dxe4 12. Bxe4
Nxe5 13. dxe5 {and black under pressure.} (13. Bxe5 $5)) 11. e4 (11. Nxd5 $2
exd5 12. Bxd5 Bb4+ 13. Kf1 Nxe5 14. Bxa8 (14. dxe5 $2 Bh3+ 15. Kg1 Nd7 $19)
14... Nbc6 15. Bxc6 Nxc6 16. d5 Ne7 17. e4 Ng6 $17 {[%csl Gb4,Gc8,Gf1][%cal
Gf7f5]}) 11... Nxe5 12. Bxe5 {Leads to the position , which was occured in the
game.}) (9... Bb7 10. e4) 10. Bxe5 O-O (10... Bf6 11. Bxf6 Qxf6 12. e4 $5 (12.
cxd5 exd5 13. O-O (13. e4 dxe4 14. Nxe4 Qg6 {black is O.K.}) (13. Rc1 Bb7 (
13... O-O $2 14. Nxd5) 14. O-O O-O {with complicated play.}) 13... O-O 14. b4
$14 {[%csl Gc6,Gd5][%cal Gb4b5]}) 12... dxc4 13. e5 Qe7 14. O-O O-O 15. Ne4 $44
{[%cal Ge4d6]}) 11. cxd5 cxd5 (11... exd5 12. e4 dxe4 13. Bxe4 Bb7 14. Qc2 (14.
O-O Nd7) (14. Qg4 g6 $13) 14... h6 (14... g6 15. h4 $40 {[%csl Gg6][%cal Gh4h5]
}) 15. O-O-O $36) 12. e4 Bb7 (12... Bb4 $5 13. O-O (13. exd5 exd5 (13... Bb7
14. Qg4 {was in the game.}) 14. O-O Bxc3 15. bxc3 Nc6 $11 {[%csl Gc3][%cal
Gc8e6,Ga8c8]}) 13... Bxc3 14. bxc3 Bb7 (14... Nc6 15. Bf4 Ba6 16. Re1 $14) 15.
Qg4 g6 $13) 13. exd5 Bb4 $1 (13... exd5 $143 14. Qg4 (14. Qb3 $6 Nc6 15. Nxd5
Na5 16. Qf3 $8 Bb4+ 17. Kf1 f6 (17... Qd7 $2 18. Nf6+) 18. Bf4 Rf7 $17 {
[%cal Gf7d7,Gb7f3]}) 14... g6 (14... f6 15. Bxb8 Rxb8 16. Qe6+ Kh8 17. O-O $16
{[%csl Gd5]}) (14... Bf6 15. Bxf6 Qxf6 16. O-O Qd6 17. Qh5 $1 Rd8 18. Rfe1 Na6
$140 19. Nxd5 $16) 15. O-O Nc6 16. Rad1 Na5 17. Qf3 $16 {[%csl Gd5]}) 14. Qg4 (
14. O-O Bxc3 15. bxc3 (15. Qg4 g6 (15... f6 16. Qxe6+ (16. Bxb8 Bxd5 17. Bc7
Qxc7 18. Bxd5 exd5 19. Rac1 Qd6 $11) 16... Kh8 17. Bxb8 Bxb2 18. Rab1 Bxd4 19.
Bf4 {and white's chances is better.}) 16. bxc3 Bxd5 {and white cannot use the
black's weaknesses on the kingside.}) 15... Bxd5 16. Qg4 f6 17. Bf4 {- to game}
) 14... f6 15. Bf4 (15. Bxb8 Bxd5 $1 (15... Rxb8 $2 16. Qxe6+ Kh8 17. O-O $18)
16. O-O Bxc3 17. bxc3 Rxb8 $11) (15. Qxe6+ $2 {Krasenkow} Kh8 $19) 15... Bxd5
16. O-O Bxc3 17. bxc3 Nc6 18. Rfe1 Re8 {threating to change bishops,because
after this exchange, white's pawns on queenside will be extremely weak.} (18...
Rf7 $2 19. Rxe6) 19. Bf1 {[%cal Gc3c4]} Na5 20. Bd3 {White's chances only to
attack on the kingside,because black positionally stands clearly better.} Qd7 {
[%cal Gd7h7]} (20... Rc8 21. Rac1 (21. Qh5 f5 $1 (21... g6 $6 22. Bxg6 hxg6 23.
Qxg6+ Kf8 (23... Kh8 24. Re5 $1 Bf3 (24... f5 25. Bg5) 25. Rg5 $1 {with mate.})
24. Re5 $1 {[%cal Ge5h5]} (24. Bh6+ Ke7 25. Bg7 Rf8) (24. Qh7 Re7) 24... fxe5 (
24... Rc7 25. Rh5 Rf7 26. Rh7 e5 $8 27. dxe5 {with winning attack.}) 25. Bh6+
Ke7 26. Bg5+ Kd7 27. Bxd8 Rcxd8 28. Qg7+ (28. dxe5 Kc8 29. h4 Nc4 {[%cal Gc4d2,
Gd2f3]}) 28... Re7 29. Qxe5 $14))) 21. Qh5 g6 (21... f5 $143 22. g4 Bf3 (22...
g6 23. Qg5 {[%cal Gh2h5]} Bb7 (23... Rac8 24. Re3 $16) 24. Be5 Qc6 $140 25. Be4
$1 fxe4 26. Qf6 $18) 23. h3 {[%cal Ge1e3] with good attacking chances.}) 22.
Qg4 {/\h4-h5} (22. Qh4 $2 g5 23. Qg4 h5 $1) (22. Qe2 $2 Rac8 23. Rac1 Bc4 $1
$17) 22... Rac8 23. Rac1 Nc4 (23... Bb7 {[%cal Gd7d5]} 24. h4 f5 25. Qh3 Qd5
26. h5) (23... Bxa2 {Krasenkow} 24. h4 $44) 24. h4 Bb7 {/^a8-h1} (24... Nd6 $4
25. Bxd6 Qxd6 26. Bxg6 $18) 25. Bh6 (25. h5 $2 g5) 25... f5 26. Qh3 Nd6 {
/\Nf7 xe5,g5,h6} (26... Qd5 27. h5) 27. Bf4 (27. h5 Nf7 28. Bd2 e5 (28... g5
29. g4 {white is better.}) 29. Be3 $13) 27... Nf7 (27... h5 28. Qf1 Qc6 29. f3
$14) 28. g4 (28. Re3 $13 {Krasenkow}) 28... Qd5 29. gxf5 exf5 {<->e} 30. h5 g5
31. Bd2 Kh8 $2 $138 (31... g4 32. Qh2 Ne5 $1 (32... Qxa2 {Krasenkow} 33. Qf4
Qd5 34. f3 $44) 33. Rxe5 (33. dxe5 $2 Qxd3 34. Qf4 Re6 35. c4 Qh3 36. Qh2 Qf3
$17) 33... Rxe5 34. dxe5 Qxd3 35. Qf4 Qf3 36. Qg5+ Kh8 37. Qf6+ Kg8) (31...
Qxa2 $1 {Krasenkow} 32. Rc2 (32. Rxe8+ Rxe8 33. Rc2 Qd5 34. Bxf5 (34. c4 Qxd4
35. Qxf5 Be4 $19) 34... g4 35. Bxg4 Ng5 36. Qh2 Qe4 $19) 32... Rxe1+ 33. Bxe1
Qd5 34. c4 Qxd4 35. Qxf5 Rc5 36. Qxh7+ Kf8 $17) 32. c4 (32. Bxf5 $1 {was more
easy way.}) (32. Rxe8+ {Krasenkow} Rxe8 33. c4) 32... g4 (32... Rxe1+ 33. Rxe1
Qf3 (33... g4 {Krasenkow} 34. cxd5 gxh3 35. Bxf5 Rg8+ 36. Kh2 Rg2+ 37. Kxh3
Rxf2 38. h6 (38. Re7 Bxd5 39. h6 Nxh6 $11) 38... Nd6 39. Be6 Rxd2 40. Rg1 $18)
(33... Qxd4 $2 34. Qxf5 $18) 34. Bxf5 Qxh3 35. Bxh3 Rxc4 36. h6 $1 Bc6 37. d5
Bb5 38. Re7 Nxh6 39. d6 $18) 33. cxd5 gxh3 34. Rxe8+ (34. Bxf5 Rxc1 35. Rxc1 {
was the same.}) 34... Rxe8 35. Bxf5 Bxd5 (35... Rg8+ 36. Kh2 Rg2+ 37. Kxh3 Rxf2
38. Be6 $1 (38. Rc7 Rxf5 39. Rxb7 Kg8) 38... Rxd2 39. Bxf7 Rd3+ 40. Kg2 Rxd4
41. h6 {with easy win.}) (35... Re2 $5 {Krasenkow} 36. Bf4 Bxd5) 36. Bxh3 Nd6
37. Rc7 (37. Bf4 Nc4 38. Bg2 Bxg2 39. Kxg2 b5 40. Kf3 {[%cal Gc1g1,Gh5h6,Gg1g7]
with easy win.}) 37... Rg8+ (37... Nb5 38. Rc2 (38. Rd7 $140 Bc6 39. Rf7 Nxd4
40. Bc3 Kg8) 38... Nxd4 39. Bc3 Re1+ 40. Kh2 Rd1 41. Bb2 Kg8 42. Rc8+ Kf7 43.
Rc7+ $18) 38. Kh2 Rf8 (38... Rg7 $142 39. Rc2) 39. Be3 Nc4 40. Rxa7 $18 Nxe3
41. fxe3 {Hecht: Schlecht koordinierte schwarze Figuren bei einem weißen
Mehrbauern, schlechte schwarze Königsstellung, Raum.} Rf2+ 42. Kg3 Rf3+ 43. Kh4
Rxe3 44. Bf5 Bg8 (44... h6 {Hecht} 45. Rh7+ Kg8 46. Rxh6 b5 47. Rb6 {[%cal
Rh5h6,Rh6h7]}) 45. Ra8 h6 (45... Kg7 {Krasenkow} 46. h6+ Kf6 (46... Kf7 47. d5)
47. Rf8+ Bf7 48. Bxh7 $18) 46. d5 1-0

[Event "Recklinghausen"]
[Site "Recklinghausen"]
[Date "1998.08.31"]
[Round "7"]
[White "Graf, Alexander"]
[Black "Siegel, Georg"]
[Result "1-0"]
[WhiteElo "2625"]
[BlackElo "2540"]
[Annotator "Avrukh,B"]
[PlyCount "75"]
[EventDate "1998.07.25"]
[EventType "tourn"]
[EventRounds "9"]
[EventCountry "GER"]
[EventCategory "12"]
[SourceTitle "CBM 067"]
[Source "ChessBase"]
[SourceDate "1998.11.30"]
[SourceVersion "2"]
[SourceVersionDate "1998.11.01"]
[SourceQuality "1"]

1. d4 Nf6 2. c4 e6 3. Nf3 b6 4. g3 Bb4+ 5. Bd2 Be7 6. Bg2 c6 7. O-O O-O 8. Qc2
d5 9. b3 Nbd7 10. Rd1 Bb7 $146 (10... a5 11. Bc3 (11. Bf4 Ba6 12. Nbd2 Nh5 13.
Ne5 Nxf4 14. gxf4 Nxe5 15. dxe5 b5 16. c5 f5 17. Nf3 Bc8 18. a3 Bd7 19. e3 {
1/2-1/2 Horvath,C-Dizdarevic,E/Tucepi 1996/EXT 97 (19)}) 11... Bb7 12. Nbd2 c5
13. Rac1 Qb8 14. cxd5 Bxd5 15. e4 cxd4 16. Nxd4 Bb7 17. Nc4 Bc5 18. Nb5 Bc6 19.
Nd4 Bb7 20. Qe2 $14 {[%csl Rb6,Gc1,Gc4,Gd1,Gd4] 1-0 Adianto,U-Sturua,Z/Biel
1997/EXP 60 (32)}) (10... Ba6 11. a4 Ne4 (11... c5 12. Na3 Bb7 13. a5 (13. Qb2
Ne4 14. Be1 Bf6 15. e3 cxd4 16. Nxd4 Qb8 17. Rac1 Rd8 18. Qb1 a6 19. a5 Be7 20.
Nac2 bxa5 21. Bxa5 Rc8 22. Nb4 Nef6 23. cxd5 Bxb4 24. Bxb4 Bxd5 25. Rxc8+ Qxc8
26. e4 Bb7 27. f3 $14 {1/2-1/2 Piket,J-Kramnik,V/Monte Carlo 1997/EXP 57 (51)})
13... dxc4 14. Nxc4 Be4 15. Qb2 b5 16. Na3 a6 17. dxc5 Bxc5 18. b4 Be7 19. Bc3
Qc7 20. Rac1 Qb7 $11 {[%csl Ra3] 1/2-1/2 Kortschnoj,V-Lerner,K/Muenster 1996/
EXP 55 (66)}) 12. Be1 Rc8 13. a5 b5 14. c5 f5 15. Nc3 Qe8 16. Na2 Rc7 17. Nb4
Bc8 18. Nd3 Ba6 19. Bd2 g5 20. Nfe5 Nxe5 21. Nxe5 Nxd2 {1/2-1/2 Nielsen,
P-Rustemov,A/Minsk 1996/CBM 54 (21)}) 11. Nc3 Rc8 12. e4 c5 13. exd5 (13. e5
Ng4 14. cxd5 (14. h3 $2 cxd4 $1 $17) 14... cxd4 15. Nxd4 (15. dxe6 Nc5 $1 $13)
15... Bxd5 16. Bxd5 exd5 17. e6 Nde5 18. h3 Bc5 $1 (18... Nf6 19. Qf5 $16) 19.
e7 $1 Qxe7 20. Nf5 Qb7 $1 (20... Qc7 21. hxg4 Bb4 (21... Nf3+ 22. Kg2 Nxd2 23.
Nxd5 $1 $18 {[%cal Gc2d2]}) 22. Nd4 $3 (22. Rac1 $2 Nf3+) 22... Bxc3 23. Rac1
Bxd4 24. Qxc7 Rxc7 25. Rxc7 Nxg4 26. Be1 $18) 21. hxg4 Nf3+ 22. Kg2 Nxd2 (22...
d4 $4 23. Qe4 $1 $18) 23. Qxd2 (23. Rxd2 $2 Bb4 24. Rh1 g6 25. Nh6+ Kg7 26. Qd3
Bxc3 27. Qxd5 Qxd5+ 28. Rxd5 Rfd8 $17 {[%csl Rh6]}) 23... d4+ 24. f3 dxc3 25.
Qxc3 f6 26. b4 Be7 27. Qb3+ Kh8 28. Rd2 $1 $11) (13. cxd5 cxd4 14. Nxd4 exd5
15. Qb1 $5 Bc5 16. Be3 dxe4 (16... Ng4 $6 17. Nxd5 Nxe3 18. Nxe3 $16) 17. Nxe4
Nxe4 18. Bxe4 Bxe4 19. Qxe4 Re8 $11) 13... exd5 14. dxc5 dxc4 $6 (14... Bxc5
15. Nh4 Bc6 $1 $11) 15. b4 $1 bxc5 16. b5 $44 {[%csl Rc4,Rc5]} Bd6 $2 (16...
Re8 $142 17. Bf4 $14) 17. Bg5 $1 (17. a4 Re8 18. Bg5 Qe7 19. Re1 Qf8 $13) 17...
Qb6 (17... Qc7 18. b6 $1 {[%cal Gc3b5]}) 18. a4 $2 {[%cal Ga4a5]} (18. Nd2 $1
Be5 (18... Bxg2 19. Nxc4 Qc7 20. Nxd6 Bf3 21. Nxc8 Rxc8 22. Rd3 $16) 19. Nxc4
Qc7 20. Nxe5 Nxe5 21. Bxf6 gxf6 22. Ne4 $16) 18... Bxf3 (18... Rfe8 $2 19. a5
Qc7 20. b6 axb6 (20... Qb8 21. Nb5 Bxf3 22. Bxf3 Be5 23. Nxa7 Bxa1 24. Nxc8 $18
) 21. Nb5 $18) (18... Ba8 19. Nd2 Bxg2 20. Nxc4 $16) 19. Bxf3 Be5 20. a5 Qe6
21. Re1 Qh3 {[%cal Gf6g4]} 22. Bxf6 (22. Bg2 $2 Qh5 23. Bxf6 Nxf6 $36 {[%cal
Re5d4,Rf6g4]}) 22... Bxf6 23. Rad1 Rcd8 $2 (23... Ne5 24. Bg2 Qh6 25. Nd5 Rfe8
$14) 24. Nd5 Bd4 25. Qxc4 {[%cal Gd5e7,Ge7c6]} Ne5 $4 (25... Kh8 26. Ne7 Nf6
27. Nc6 Ng4 28. Bxg4 Qxg4 29. Rxd4 $1 cxd4 (29... Rxd4 30. Qxc5 $18) 30. Nxd8
Rxd8 31. Qxf7 $18) 26. Rxe5 $1 Bxe5 27. Ne7+ Kh8 28. Rxd8 Rxd8 29. Nc6 $18 Bxg3
(29... Re8 30. Bg4 $1 Qh6 31. Qxf7 $18) 30. hxg3 Re8 31. Qf1 Qe6 32. Kg2 h5 33.
Bxh5 c4 34. Bf3 c3 35. Qd3 Qb3 36. Bd5 Qb2 37. Qf5 Qe2 38. Qxf7 1-0

[Event "Moscow Aeroflot op-A"]
[Site "Moscow"]
[Date "2003.02.16"]
[Round "6"]
[White "Avrukh, Boris"]
[Black "Vlassov, Nikolai"]
[Result "1-0"]
[WhiteElo "2584"]
[BlackElo "2454"]
[Annotator "Avrukh,B"]
[PlyCount "71"]
[EventDate "2003.02.10"]
[EventType "swiss"]
[EventRounds "9"]
[EventCountry "RUS"]
[SourceTitle "CBM 094"]
[Source "ChessBase"]
[SourceDate "2003.05.26"]
[SourceVersion "1"]
[SourceVersionDate "2003.05.26"]
[SourceQuality "1"]

1. d4 Nf6 2. c4 Nc6 3. Nf3 e6 4. g3 Bb4+ 5. Bd2 Qe7 6. Nc3 Bxc3 7. Bxc3 Ne4 8.
Rc1 O-O 9. Bg2 d6 10. d5 Nxc3 11. Rxc3 Nd8 12. Nd2 e5 13. c5 f5 14. O-O Nf7 15.
cxd6 cxd6 16. Qb3 {I was really very impressed of Tkachiev win over Kortschnoi
in Biel in this line.It was the first game for me (not in database) ,where
16Qb3 had been played.Vlad had explained me some ideas behind it and i really
had waited for the moment to play it.} Qg5 $2 $146 {A very unfortunate
reaction,probably my opponent just missed my next move .} (16... b6 17. Qa3 $1
(17. Rfc1 Bd7 18. Rc7 Rfc8 19. e4 Qd8 $13 {0-1 Vyzmanavin,A-Salov,V/Moscow
1992/EXT 97 (88)}) 17... a5 (17... e4 18. Rfc1 Bd7 19. Nb3 Ne5 20. Nd4 Rfc8 21.
Rxc8+ Rxc8 22. Rxc8+ Bxc8 23. Nb5 $16 {[%csl Rd6] 1-0 Kazhgaleyev,M-Izeta
Txabarri,F/Cannes 1999/EXT 2000 (49)}) 18. Rfc1 Ba6 19. Rc7 Qf6 20. e3 e4 21.
Nb3 Qe5 22. Nd4 Qxd5 23. f4 $3 {[%csl Rf7]} Nh6 24. R1c6 $16 {1-0 Tkachiev,
V-Kortschnoj,V/Biel 2002/CBM 91 (30)}) (16... Qf6 17. Qa3 f4 (17... e4 18. Rd1
Qd4 19. Qb3 $14) 18. Rc7 Bg4 (18... b5 19. Rxa7 Rxa7 20. Qxa7 $14) 19. f3 Bf5
20. g4 Bg6 (20... Bc8 21. Rfc1 $14) 21. Rxb7 $14 {1-0 Yevseev,D-Bocharov,D/
Nefteyugansk 2002/CBM 92/[Ftacnik] (48)}) 17. f4 $1 {[%csl Rf7][%mdl 32] A
very useful move for white,cutting black knight on f7.Tkachiev in his game had
managed to play it only after pawn sacrifice and here i get it for free.} Qh5 {
Black is continuing a wrong strategy.} (17... exf4 $142 18. gxf4 Qf6 19. e3 b6
20. Nf3 {[%cal Gf3d4] with clear advantage for white}) (17... Qf6 $142 18. e3)
18. Nf3 Qh6 19. e3 Qf6 {This is actually the end of black idea,black just
improved clearly white position without getting any divedents.} 20. Rc7 $1 {
[%csl Rc8,Rf7]} g5 {Black tries somehow to complicate position,but without any
success.} (20... b6 {Doesn't help} 21. Qa3 $5 {[%csl Ga7]} (21. Rfc1 Ba6 22.
Qa3 Bb5 (22... Be2 23. fxe5 Nxe5 24. Nd4 Bh5 25. Ne6 $18 {[%csl Gd6]}) 23. Qb4
Ba6 24. R1c6 $16) 21... a5 22. Rfc1 {[%cal Gc1c6]}) 21. Qc3 g4 ({After} 21...
b6 {white has a pleasant choice among:} 22. fxe5 (22. Qc6 Ba6 23. fxe5 Nxe5 24.
Nxe5 dxe5 (24... Qxe5 25. Qd7 $18 {[%cal Gd7h7]}) 25. Rd1 {and d-pawn is very
dangerous}) (22. fxg5 Nxg5 23. Nh4 $5) 22... dxe5 23. d6 (23. Rc6 $143 Qg7 $14)
23... Be6 24. d7 Rad8 25. Rd1 $16) 22. Nh4 (22. Nd2 $5) 22... Qd8 23. Rc1 Rb8 {
[%cal Gc8d7]} 24. Bf1 $1 {The only piece,which still out of play.} Bd7 25. Bd3
{[%csl Gf5]} e4 26. Bb5 $1 Bc8 (26... Bxb5 27. Nxf5 Ne5 28. Nh6+ Kh8 29. fxe5
$18 {[%csl Rh8]}) 27. Qd4 {[%csl Ga7] A fantastic picture of white domination,
it's really very difficult to imagine,that you can get it against strong GM.}
Ra8 (27... a6 28. Qa7 $1 {[%csl Rb8]}) 28. Kg2 $1 $18 {Strangely enough,but
this quiet move simply decides the game.Black absolutely hopeless against
white idea:29Rc8 and 30Nf5 .} a6 29. Rxc8 $1 Rxc8 30. Nxf5 Ne5 31. Rxc8 Qa5 (
31... Qxc8 32. Ne7+ $18 {[%cal Ge7c8]}) 32. Rxf8+ Kxf8 33. fxe5 Qxb5 34. Kf2
dxe5 35. Qxe5 Qb4 36. Qd6+ 1-0